000 00682nam a22002177a 4500
003 UA-OsUOA
001 48409
007 ta
008 20130428b un ||||| |||| 00| 0 ukr d
090 _a929
_bЧ-46
942 _cBR
040 _aUA-OsUOA
_bukr
_cUA-OsUOA
_dUA-OsUOA
245 _aЧерез терни до зірок: Життя та Заповіт Патріарха Йосифа Сліпого
300 _a32 с.
955 _a4
041 _aukr
080 _a929
650 7 _a9 Географія. Біографії. Історія
_2UDC
999 _c428507
_d428507